Catálogo
 En Linea

La nueva filosofía Américana y la ideología trujillista / (Registro nro. 32139)

Detalles MARC
000 -CABECERA
campo de control de longitud fija 00490nam a2200157 a 4500
001 - NÚMERO DE CONTROL
campo de control 000032648
005 - FECHA Y HORA DE LA ÚLTIMA TRANSACCIÓN
campo de control 20200930065745.0
008 - DATOS DE LONGITUD FIJA--INFORMACIÓN GENERAL
campo de control de longitud fija 110725s1942 dr c 000 0 spa d
040 ## - FUENTE DE LA CATALOGACIÓN
Centro catalogador/agencia de origen DO-SdBNP
Lengua de catalogación spa
Centro/agencia transcriptor BNPHU
082 ## - NÚMERO DE LA CLASIFICACIÓN DECIMAL DEWEY
Número de clasificación xxx
Número de documento/Ítem K183n
049 ## - FONDOS LOCALES (OCLC)
Fondos de biblioteca BNPD
100 1# - ENTRADA PRINCIPAL--NOMBRE DE PERSONA
Nombre de persona Karger, José
9 (RLIN) 58536
245 13 - MENCIÓN DE TÍTULO
Título La nueva filosofía Américana y la ideología trujillista /
Mención de responsabilidad, etc. José Karger.
260 ## - PUBLICACIÓN, DISTRIBUCIÓN, ETC.
Lugar de publicación, distribución, etc. Ciudad Trujillo, República Dominicana :
Nombre del editor, distribuidor, etc. Montalvo,
Fecha de publicación, distribución, etc. 1942.
300 ## - DESCRIPCIÓN FÍSICA
Extensión 108 p. :
Otras características físicas retr. ;
Dimensiones 15 cm.
Existencias
Estado de retiro Estado de pérdida Restricciones de uso No para préstamo Código de colección Localización permanente Ubicación/localización actual Ubicación en estantería Fecha de adquisición Número de inventario Total de préstamos Signatura topográfica completa Código de barras Fecha visto por última vez Precio válido a partir de Tipo de ítem Koha Número de copia Nota pública
      Excluido de préstamo Raros y valiosos Patrimonio Dominicano Patrimonio Dominicano En catalogación 25.07.2011 LF1   xxx K183n 32648-10 25.06.2020 25.06.2020 No se presta    
      Excluido de préstamo Raros y valiosos Patrimonio Dominicano Patrimonio Dominicano En catalogación 25.07.2011 LF1   xxx K183n 32648-20 25.06.2020 25.06.2020 No se presta e. 2 Perteneció a la biblioteca personal de Martínez Boog

Con tecnología Koha